| 000 | 00738nam a2200193 a 4500 | ||
|---|---|---|---|
| 003 | 0 | ||
| 005 | 20250507110608.0 | ||
| 008 | 080527s19uu xx 00 eng d | ||
| 050 |
_aPHS LB 3610 _b.P57 2005 |
||
| 100 | _aPique, Gene Martin L. | ||
| 245 |
_aProfiles of college fraternity members of the far eastern university / _cGene Martin L. Pique. |
||
| 260 |
_aLas PiƱas City, Philippines : _bSouthville International School and Colleges, _c2005. |
||
| 300 |
_a22 pages ; _c28 cm. |
||
| 504 | _aIncludes bibliographical references. | ||
| 650 |
_2Library of Congress Subject Headings _aFraternities _xSocial aspects _zPhilippines. |
||
| 650 |
_aCollege students _xPhilippines _vSocial conditions. |
||
| 942 |
_2lcc _cPASS |
||
| 999 |
_c97289 _d97289 |
||